000
00253nam a2200097Ia 4500
001
1037522
005
20250826231826.0
008
250824s9999 xx 000 0 und d
245
0
_a
İLK BÖCEKLER KİTABIM
_c
CATHERINE D. HUGNES
260
_b
BETA YAYINLARI
999
_c
1037522
_d
1037522